00725nam a22001937a 450000500170000001000130001702000270003003500130005703700090007008200080007910000240008724501030011126000330021427000860024730000190033394200220035299900190037495201380039320241223115612.0 aB-761530 a9789356064799c140.00  aB-761530 bGift a480 aSaran, Charu975547 aRevised Third Edition Celebrate;bAn Activity- based Multi-skill Course in English 2/cCharu Saran bPearsonc2021aUttar Pradesh a15th Floor, Tower-B, World Trade Tower, Plot No.1 Block C bUttar Pradeshe201301 a31p.c22cm(pb) 2ddccCHmSARh480 c207894d207894 001040708NFICaLbLd2024-12-23eGift/19.12.24g140.00l0oSAR 480pB-761530r2024-12-23 00:00:00t1v140.00w2024-12-23yCHzGift